| 000 | 00749nam a22002057a 4500 | ||
|---|---|---|---|
| 005 | 20100820143850.0 | ||
| 010 | _aENG-101129 | ||
| 020 |
_c20.00 _a9788172086299 |
||
| 035 | _aEN-84662 | ||
| 037 | 2 | _bDBAD/PUB | |
| 082 | _a230.35 | ||
| 100 |
_aSathya Sai Baba _916872 |
||
| 245 |
_aSandeha nivarini : _cby Sathya Sai Baba _bclearance of spiritual doubts / |
||
| 250 | _a2nd ed. | ||
| 260 |
_aPrasanthi Nilayam _bSri Sathya Sai Sadhana Trust _c2009 |
||
| 270 |
_aanantapur District, Andhra Pradesh _bPrasanthi Nilayam _e515134 |
||
| 300 |
_a145 p. _c22cm (pbk) |
||
| 942 |
_2ddc _cEN _mSAT _h230.35 |
||
| 999 |
_c42757 _d42757 |
||